UN Languages- Top 3 Cities - Statistics

General Stats
  • This quiz has been taken 145 times
  • The average score is 15 of 18
Answer Stats
UN Language Answer % Correct
French Paris
100%
Spanish Mexico City
98%
English London
95%
English New York City
95%
Russian Moscow
94%
Spanish Buenos Aires
93%
Chinese (all varieties) Beijing
92%
Arabic (all varieties) Cairo
91%
English Los Angeles
91%
Chinese (all varieties) Shanghai
91%
Russian St Petersburg
89%
Chinese (all varieties) Guangzhou
86%
Spanish Lima
83%
Arabic (all varieties) Riyadh
79%
Arabic (all varieties) Baghdad
78%
French Kinshasa
71%
Russian Nizhny Novgorod
47%
French Abidjan
46%
No matching quizzes found
Score Distribution
Percent of People with Each Score
Percentile by Number Answered
Your Score History
You have not taken this quiz